एक आई सर्जन की डायरी/ (Record no. 198673)

MARC details
000 -LEADER
fixed length control field 00687nam a22001937a 4500
005 - DATE AND TIME OF LATEST TRANSACTION
control field 20231108153226.0
010 ## - LCCN (DPL NO)
LC control number HIN-126148
020 ## - INTERNATIONAL STANDARD BOOK NUMBER
International Standard Book Number 9788119099139
Terms of availability 450.00
035 ## - SYSTEM CONTROL NUMBER
System control number HN-98444
037 ## - SOURCE OF ACQUISITION
Source of stock number/acquisition DBAD/PUB
082 ## - DEWEY DECIMAL CLASSIFICATION NUMBER
Classification number 808.88
100 ## - MAIN ENTRY--PERSONAL NAME
Personal name पाण्डेय,सुरेश
245 ## - TITLE STATEMENT
Title एक आई सर्जन की डायरी/
Statement of responsibility, etc सुरेश पाण्डेय
250 ## - EDITION STATEMENT
Edition statement 1
260 ## - PUBLICATION, DISTRIBUTION, ETC. (IMPRINT)
Place of publication, distribution, etc उत्तरप्रदेश
Name of publisher, distributor, etc maple press private limited
Date of publication, distribution, etc 2023
270 ## - ADDRESS
Address A 63, Secter 58
City noida
Postal code 201301
300 ## - PHYSICAL DESCRIPTION
Extent 302 पृ
Dimensions 22 सेमी (अजिल्द)
942 ## - ADDED ENTRY ELEMENTS (KOHA)
Item type Hindi Books
Source of classification or shelving scheme Dewey Decimal Classification
Classification part 808.88
Call number suffix पाण्डेय
Holdings
Withdrawn status Lost status Not for loan Collection code Home library Current library Date acquired Source of acquisition Cost, normal purchase price Full call number Barcode Copy number Cost, replacement price Koha item type
      Non-fiction Mobile Library Mobile Library 04/10/2023 DBAD/PUB 450.00 808.88 पाण्डेय hn-98444 1 450.00 Hindi Books

© Delhi Public Library
Hit Counter
free hit counter